| 000 | 00500cam a2200181ua 4500 | ||
|---|---|---|---|
| 020 |
_a81 85680 16 7 _c500.00 |
||
| 041 |
_aeng _h |
||
| 082 |
_a028.73631 _bSOM/DI |
||
| 100 | _aSomani, L L . | ||
| 245 |
_aDictionary of irrigation technology and water management / _cL L Somani. _hTextual Documents |
||
| 250 |
_a1 / _b. |
||
| 260 |
_aUdaypur : _bAgro-tech publishing academy , _c1996. |
||
| 300 | _a318 ; . | ||
| 365 | _a500.00 | ||
| 504 | _a | ||
| 942 | _cBK | ||
| 999 |
_c10900 _d10900 |
||